000 00627nam a2200217Ii 4500
001 9424
003 CO-ViMGA
008 241108s9999||||xx |||||||||||||| ||und||
020 _a8475250084
040 _aCO-ViMGA
_bspa
_erda
_cCO-ViMGA
041 0 _aspa
084 _aN STE2e
100 1 _aRobert Louis Stevenson
_951726
245 1 0 _aEl extraño caso del Dr. Jenkyll y Mr. Hyde
264 1 _aMadrid, España : Generales Anaya, 1984
300 _avolumen
336 _atext
_btxt
_2rdacontent
337 _aunmediated
_bn
_2rdamedia
338 _avolume
_bnc
_2rdacarrier
940 _aidficha_siabuc: 9214. -- ficha_no_siabuc:9424
999 _c46481
_d46481